| 000 | 00342 a2200109 4500 | ||
|---|---|---|---|
| 001 | ART_18520 | ||
| 005 | 20260410161702.0 | ||
| 008 | 260409a | ||
| 245 | 1 | 0 | _aRégimen de información para fideicomisos del país y del exterior |
| 100 | 1 | _aFerraro, Ricardo H. | |
| 773 | 0 |
_tRevista Impuestos _g- Nº 7 (jul. 2012) _wREV639 |
|
| 999 |
_c15303 _d15303 |
||